[Event "European Youth Chess Championship B14"]
[Site "Prague, Top Hotel Prague"]
[Date "2016.08.22"]
[Round "5.53"]
[White "Pravda, Krystof"]
[Black "Martins, Bruno Andre Leite"]
[Result "1/2-1/2"]
[WhiteElo "1682"]
[BlackElo "1878"]
[PlyCount "81"]
[EventDate "2016.08.18"]

1. e4 e6 2. d4 d5 3. Nd2 Nf6 4. e5 Nfd7 5. Bd3 c5 6. c3 b6 7. Ne2 Ba6 8. Bxa6
Nxa6 9. f4 g6 10. Nf3 Nc7 11. h4 h5 12. Ng5 c4 13. Qc2 b5 14. Ng1 Nb6 15. Bd2
Qd7 16. N5h3 a5 17. Nf2 b4 18. g4 Qa4 19. Qb1 hxg4 20. Nxg4 Nd7 21. b3 Qc6 22.
cxb4 c3 23. Be3 Bxb4 24. Qc2 Nb5 25. a4 Na3 26. Qc1 c2+ 27. Kf2 Nb1 28. Rxb1
Ba3 29. Rb2 Rc8 30. Qa1 Bxb2 31. Qxb2 Qc3 32. Qa3 Rb8 33. Nf6+ Nxf6 34. exf6
Qb4 35. Qxb4 Rxb4 36. Nf3 Rxb3 37. Rc1 Rc3 38. Bd2 Rc4 39. Bxa5 O-O 40. Bb6
Rxa4 41. Rxc2 1/2-1/2

[Event "European Youth Chess Championship B14"]
[Site "Prague, Top Hotel Prague"]
[Date "2016.08.22"]
[Round "5.54"]
[White "Lavorgna, Filippo"]
[Black "Balashov, Egor"]
[Result "1/2-1/2"]
[WhiteElo "1849"]
[BlackElo "1624"]
[PlyCount "82"]
[EventDate "2016.08.18"]

1. c4 e5 2. g3 h5 3. h4 Bc5 4. Nc3 Nf6 5. Bg2 Nc6 6. Nf3 O-O 7. O-O a5 8. d3
Ng4 9. e3 d6 10. b3 Bf5 11. Bb2 Bxe3 12. fxe3 Nxe3 13. Qe2 Nxf1 14. Rxf1 Bg6
15. a3 Re8 16. Ng5 Nd4 17. Qf2 f6 18. Bd5+ Kf8 19. Nce4 c6 20. Bxd4 cxd5 21.
Bb6 Qe7 22. cxd5 Kg8 23. Ne6 Rec8 24. Qd2 Bf7 25. Bxa5 Bxe6 26. dxe6 Qxe6 27.
Bb4 d5 28. Nxf6+ gxf6 29. Qh6 Qg4 30. Rxf6 Qxg3+ 31. Kf1 Qxd3+ 32. Kg1 Qd4+ 33.
Rf2 Rc7 34. Bf8 Ra6 35. Qg5+ Kh7 36. Qxh5+ Kg8 37. Qg5+ Kh8 38. Kg2 Qe4+ 39.
Kh2 Rg6 40. Qd8 Qf4+ 41. Rxf4 Rc2+ 1/2-1/2

[Event "European Youth Chess Championship B14"]
[Site "Prague, Top Hotel Prague"]
[Date "2016.08.22"]
[Round "5.56"]
[White "Matis, Tibor"]
[Black "Lavorgna, Francesco"]
[Result "1-0"]
[WhiteElo "1709"]
[BlackElo "1887"]
[PlyCount "99"]
[EventDate "2016.08.18"]

1. e4 c6 2. d4 d5 3. e5 Bf5 4. g4 Be4 5. f3 Bg6 6. e6 Qd6 7. exf7+ Kxf7 8. Bd3
Bxd3 9. Qxd3 Nd7 10. Ne2 e5 11. Qf5+ Ke8 12. O-O Qf6 13. Qd3 Qg6 14. Qb3 h5 15.
g5 Rb8 16. dxe5 Bc5+ 17. Kh1 Qf5 18. Ng3 Qe6 19. f4 h4 20. Ne2 g6 21. Qd3 Ne7
22. Be3 Bxe3 23. Qxe3 c5 24. Qf3 Nf5 25. Nbc3 Nb6 26. Rad1 Ne7 27. Nb5 Kf7 28.
Nc7 Qc6 29. f5 gxf5 30. e6+ Kf8 31. Qf4 Rc8 32. Qe5 Kg8 33. Qf6 Rf8 34. Qxe7
Rh7 35. Qf6 Rxf6 36. gxf6 d4+ 37. Kg1 Qxc7 38. Rxf5 Qd6 39. Nf4 Rh6 40. Re1 Nc8
41. Rg5+ Kh7 42. Rg7+ Kh8 43. Ng6+ Rxg6+ 44. Rxg6 d3 45. e7 Qd4+ 46. Kh1 Nxe7
47. fxe7 Qd5+ 48. Rg2 Kh7 49. e8=Q h3 50. Qg6+ 1-0

[Event "European Youth Chess Championship B14"]
[Site "Prague, Top Hotel Prague"]
[Date "2016.08.22"]
[Round "5.58"]
[White "Popvasilev, Kaloyan"]
[Black "Kopec, Ladislav"]
[Result "1/2-1/2"]
[WhiteElo "1860"]
[BlackElo "1697"]
[PlyCount "112"]
[EventDate "2016.08.18"]

1. e4 c5 2. Nf3 d6 3. d4 cxd4 4. Nxd4 Nf6 5. Nc3 a6 6. Be3 e5 7. Nb3 Be7 8. h3
O-O 9. g4 Be6 10. g5 Nfd7 11. h4 Nb6 12. Qd2 Nc6 13. h5 g6 14. f3 Rc8 15. Qh2
Bxg5 16. hxg6 h6 17. Bxg5 Qxg5 18. Qxh6 Qxh6 19. gxf7+ Kg7 20. Rxh6 Kxh6 21.
Be2 Rxf7 22. O-O-O Rd8 23. Nd5 Bxd5 24. exd5 Nb4 25. c4 Nxa2+ 26. Kb1 Nb4 27.
Rh1+ Kg6 28. Nd2 Rh7 29. Rg1+ Kf7 30. Ne4 Ke7 31. b3 a5 32. Rg6 Na6 33. Re6+
Kf8 34. Nxd6 Nc5 35. Rg6 Nc8 36. Ne4 Nxe4 37. fxe4 Rd6 38. Rg5 Rf6 39. Rxe5
Rh1+ 40. Kc2 Rh2 41. Kd3 Rh3+ 42. Kd4 Rxb3 43. c5 Rb4+ 44. Kc3 Ne7 45. Bh5 Rb5
46. Kc4 Rb1 47. d6 Nc6 48. Re8+ Kg7 49. Bg4 Rb4+ 50. Kc3 a4 51. Bf5 Rb3+ 52.
Kc4 Rb4+ 53. Kc3 Rd4 54. Rc8 Rf7 55. Rxc6 bxc6 56. Kxd4 Kf8 1/2-1/2

[Event "European Youth Chess Championship B14"]
[Site "Prague, Top Hotel Prague"]
[Date "2016.08.22"]
[Round "5.59"]
[White "Stage-Steffensen, Sander"]
[Black "Mavrev, David"]
[Result "1-0"]
[WhiteElo "1688"]
[BlackElo "1854"]
[PlyCount "59"]
[EventDate "2016.08.18"]

1. e4 e6 2. d3 d5 3. Nd2 c5 4. Ngf3 Nf6 5. g3 Nc6 6. Bg2 Be7 7. O-O O-O 8. e5
Nd7 9. Re1 b5 10. c3 a5 11. a4 bxa4 12. Qe2 a3 13. bxa3 Ba6 14. Nf1 Rb8 15. Bf4
c4 16. d4 Rb3 17. Rec1 Bxa3 18. Rc2 Qb6 19. Qe3 Nb4 20. Re2 Nd3 21. Bh3 Bb2 22.
Bh6 g6 23. Bxf8 Nxf8 24. Qh6 Bxc3 25. Ne3 Qd8 26. Ng4 Nxe5 27. dxe5 Nd7 28. Ng5
Qe8 29. Nxh7 Bxe5 30. Rxe5 1-0

[Event "European Youth Chess Championship B14"]
[Site "Prague, Top Hotel Prague"]
[Date "2016.08.22"]
[Round "5.60"]
[White "Marko, Pirro"]
[Black "Alivodic, Dario"]
[Result "0-1"]
[WhiteElo "1441"]
[BlackElo "1834"]
[PlyCount "106"]
[EventDate "2016.08.18"]

1. e4 e6 2. d4 d5 3. e5 c5 4. c3 Nc6 5. Nf3 Nge7 6. a3 Bd7 7. b4 cxd4 8. cxd4
Qb6 9. Nc3 Rc8 10. Be3 Nf5 11. Rc1 Nxe3 12. fxe3 Nxb4 13. a4 Qa5 14. Nd2 Nd3+
15. Bxd3 Rxc3 16. Rxc3 Qxc3 17. Qc2 Bb4 18. Qxc3 Bxc3 19. Bb5 Bxb5 20. axb5 O-O
21. Ke2 Bxd2 22. Kxd2 a6 23. bxa6 bxa6 24. Ra1 Ra8 25. Ra5 h5 26. h4 Kh7 27.
Kd3 g5 28. g3 gxh4 29. gxh4 Rg8 30. Rxa6 Rg4 31. Ra7 Kg7 32. Ra1 Rxh4 33. Rg1+
Rg4 34. Rh1 h4 35. Ke2 f5 36. exf6+ Kxf6 37. Kf3 Kf5 38. Rh3 Kg5 39. Kf2 Kh5
40. Rf3 Rg5 41. Rh3 Rf5+ 42. Kg2 Kg4 43. e4 dxe4 44. Re3 Kf4 45. Rh3 Rg5+ 46.
Kf2 Rg4 47. Ke2 Kg5 48. Kf2 Rg3 49. Rh1 e3+ 50. Ke2 h3 51. Rf1 h2 52. Rh1 Rh3
53. Kf1 Kg4 0-1

[Event "European Youth Chess Championship B14"]
[Site "Prague, Top Hotel Prague"]
[Date "2016.08.22"]
[Round "5.61"]
[White "Fossan, Aleksander"]
[Black "Berera, Siddharth"]
[Result "1-0"]
[WhiteElo "1834"]
[BlackElo "1676"]
[PlyCount "43"]
[EventDate "2016.08.18"]

1. e4 c5 2. c3 d5 3. exd5 Qxd5 4. d4 Nf6 5. Nf3 Bg4 6. Be2 e6 7. h3 Bh5 8. O-O
Nc6 9. Be3 cxd4 10. cxd4 Bb4 11. Nc3 Qa5 12. Qb3 Qc7 13. d5 Bxc3 14. dxc6 Ba5
15. Rac1 Bb6 16. Bxb6 Qxb6 17. cxb7 Rb8 18. Rc8+ Ke7 19. Qa3+ Qd6 20. Rc7+ Nd7
21. Rd1 Qxa3 22. Rdxd7+ 1-0

[Event "European Youth Chess Championship B14"]
[Site "Prague, Top Hotel Prague"]
[Date "2016.08.22"]
[Round "5.62"]
[White "Vuckovic, Marko"]
[Black "Balin, Daniel"]
[Result "1-0"]
[WhiteElo "1834"]
[BlackElo "1567"]
[PlyCount "75"]
[EventDate "2016.08.18"]

1. e4 c5 2. Nf3 d6 3. c3 Nf6 4. h3 g6 5. Bd3 Bg7 6. O-O O-O 7. Bc2 Nc6 8. d4
cxd4 9. cxd4 d5 10. e5 Nd7 11. Nc3 Nb6 12. Bf4 Bf5 13. Bxf5 gxf5 14. b3 e6 15.
Qd2 a6 16. Rfe1 Kh8 17. Bg5 Qd7 18. Ne2 f6 19. exf6 Bxf6 20. Nf4 Rae8 21. h4
Nc8 22. Nh5 Bxg5 23. hxg5 Qf7 24. Nf6 Re7 25. Ne5 Nxe5 26. dxe5 Qg6 27. f4 Qg7
28. Re3 Rd8 29. Rh3 Qf8 30. g6 h6 31. Qa5 b6 32. Qe1 Qg7 33. Qh4 Qxg6 34. Rg3
Rg7 35. Rxg6 Rxg6 36. Kf2 Rf8 37. Rc1 Nd6 38. exd6 1-0

[Event "European Youth Chess Championship B14"]
[Site "Prague, Top Hotel Prague"]
[Date "2016.08.22"]
[Round "5.63"]
[White "Kuznecovs, Nikita"]
[Black "Kriz, Tomas"]
[Result "1-0"]
[WhiteElo "1809"]
[BlackElo "1404"]
[PlyCount "105"]
[EventDate "2016.08.18"]

1. Nf3 d5 2. c4 Nf6 3. g3 c6 4. Bg2 Bf5 5. O-O e6 6. b3 Be7 7. Bb2 O-O 8. d3
Nbd7 9. Nbd2 Rc8 10. Rc1 Bd6 11. Rc2 e5 12. cxd5 cxd5 13. Rxc8 Qxc8 14. Qa1 Re8
15. Rc1 Qd8 16. e4 dxe4 17. Nh4 Bg6 18. Nxg6 hxg6 19. Nc4 Qe7 20. Nxd6 Qxd6 21.
dxe4 Qb6 22. Qb1 Nc5 23. Qc2 Na6 24. a3 Qe6 25. Qc4 Qxc4 26. Rxc4 Nd7 27. b4 f6
28. Bh3 Nb6 29. Rc1 Na4 30. Ba1 Rd8 31. Be6+ Kh7 32. Bd5 b5 33. f4 exf4 34.
gxf4 Nb6 35. Bb3 Nc4 36. Rd1 Rxd1+ 37. Bxd1 Kg8 38. a4 Nxb4 39. axb5 a6 40.
bxa6 Nxa6 41. Bb3 Kf8 42. Bxc4 Nc7 43. Bd4 Ke7 44. Bc5+ Kd7 45. Bf8 Ne6 46.
Bxe6+ Kxe6 47. Bxg7 g5 48. fxg5 fxg5 49. Kg2 Kf7 50. Bd4 Kg6 51. Kg3 Kh6 52.
Kg4 Kg6 53. e5 1-0

[Event "European Youth Chess Championship B14"]
[Site "Prague, Top Hotel Prague"]
[Date "2016.08.22"]
[Round "5.64"]
[White "Apergis, Iosif"]
[Black "Ocko, Dominik"]
[Result "1/2-1/2"]
[WhiteElo "1203"]
[BlackElo "1784"]
[PlyCount "109"]
[EventDate "2016.08.18"]

1. e4 c5 2. Nf3 d6 3. d4 cxd4 4. Nxd4 Nf6 5. f3 a6 6. c4 e5 7. Nb3 Be7 8. Be3
O-O 9. Be2 Be6 10. Na3 Nbd7 11. O-O Nc5 12. Qd2 Qc7 13. Rac1 Kh8 14. Rfd1 Nfd7
15. Nc2 f5 16. exf5 Bxf5 17. Nb4 Nxb3 18. axb3 Nf6 19. Bg5 a5 20. Bxf6 Qc5+ 21.
Kh1 Bxf6 22. Nd5 h6 23. Nxf6 Rxf6 24. Qd5 Qb4 25. c5 Be6 26. Qd2 dxc5 27. Qxb4
cxb4 28. Rc7 Rf7 29. Rxf7 Bxf7 30. Rd7 Bxb3 31. Rxb7 Rc8 32. h3 Bc4 33. Bxc4
Rxc4 34. Rb5 e4 35. fxe4 Rxe4 36. Rxa5 Re2 37. Rb5 Rxb2 38. Kh2 Kh7 39. Rb6 b3
40. Kg3 Rb1 41. Kh2 b2 42. g3 Kg8 43. Rb7 Kf8 44. Kg2 Ke8 45. Kh2 Kd8 46. Kg2
Kc8 47. Rb3 Kc7 48. Kh2 Kc6 49. Kg2 Kc5 50. Kh2 Kc4 51. Rb8 Kd3 52. Rd8+ Ke4
53. Rb8 Ke3 54. Re8+ Kd4 55. Rb8 1/2-1/2

[Event "European Youth Chess Championship B14"]
[Site "Prague, Top Hotel Prague"]
[Date "2016.08.22"]
[Round "5.65"]
[White "Mao, Ximan"]
[Black "Antonioudakis, Dimitrios"]
[Result "1-0"]
[WhiteElo "1731"]
[BlackElo "1187"]
[PlyCount "65"]
[EventDate "2016.08.18"]

1. d4 Nf6 2. c4 e6 3. Nc3 Bb4 4. e3 d5 5. Qa4+ Nc6 6. Nf3 Bxc3+ 7. bxc3 O-O 8.
Bd3 Bd7 9. Qc2 Ne7 10. O-O c6 11. Ba3 Re8 12. Ne5 dxc4 13. Nxc4 Ned5 14. Nd6
Qa5 15. Bb4 Nxb4 16. cxb4 Qxb4 17. Nxe8 Bxe8 18. Rab1 Qe7 19. Rb2 Rc8 20. Rfb1
Rc7 21. Qd2 Nd5 22. Rb3 Nb6 23. Qa5 Nc8 24. h4 h5 25. Qxh5 g6 26. Qe5 Nb6 27.
h5 Rc8 28. Qa5 Ra8 29. hxg6 fxg6 30. Be2 Bf7 31. Qe5 Kf8 32. a4 Rb8 33. Qxb8+
1-0

[Event "European Youth Chess Championship B14"]
[Site "Prague, Top Hotel Prague"]
[Date "2016.08.22"]
[Round "5.67"]
[White "Winkin, Pol"]
[Black "Vorisek, Jakub"]
[Result "1/2-1/2"]
[WhiteElo "1391"]
[BlackElo "1813"]
[PlyCount "108"]
[EventDate "2016.08.18"]

1. d4 d5 2. Bf4 Nf6 3. e3 e6 4. c4 c5 5. Nf3 Nc6 6. Nc3 Be7 7. Be2 O-O 8. h3
Ne4 9. O-O b6 10. Ne5 Nxe5 11. Bxe5 Nxc3 12. bxc3 f6 13. Bg3 Bd6 14. Bxd6 Qxd6
15. cxd5 exd5 16. Bf3 Bb7 17. Re1 f5 18. Rb1 c4 19. Qc1 Bc6 20. Qb2 b5 21. Qb4
Qxb4 22. Rxb4 a5 23. Rb2 Rfc8 24. a3 Kf7 25. Reb1 Kf6 26. g3 Rh8 27. Kg2 a4 28.
Be2 Rae8 29. Re1 h5 30. h4 g5 31. hxg5+ Kxg5 32. f4+ Kf6 33. Kf3 h4 34. Bd1
hxg3 35. Rg2 Rh4 36. Rxg3 Reh8 37. Reg1 Be8 38. Kf2 Rh2+ 39. R3g2 R2h4 40. Bc2
R4h5 41. Rg5 Rh2+ 42. R5g2 Rxg2+ 43. Kxg2 Rg8+ 44. Kf2 Rxg1 45. Kxg1 Bh5 46.
Kg2 Bg4 47. Kg3 Bh5 48. Kh4 Kg6 49. Kg3 Kf6 50. Kh4 Bf3 51. Kg3 Be4 52. Bxe4
fxe4 53. Kf2 Kf5 54. Ke2 Kf6 1/2-1/2

[Event "European Youth Chess Championship B14"]
[Site "Prague, Top Hotel Prague"]
[Date "2016.08.22"]
[Round "5.68"]
[White "Maziukas, Kasparas"]
[Black "Gatt, Matthias"]
[Result "1-0"]
[WhiteElo "1596"]
[BlackElo "1475"]
[PlyCount "95"]
[EventDate "2016.08.18"]

1. d4 f5 2. g3 d5 3. Nf3 Nf6 4. Bf4 e6 5. Nbd2 Nbd7 6. Bg2 Be7 7. O-O O-O 8. c4
c6 9. a3 Ne4 10. Nxe4 fxe4 11. Ne5 Nxe5 12. Bxe5 Bf6 13. Bf4 Bg5 14. Bd2 Bxd2
15. Qxd2 Qe7 16. Qc3 Bd7 17. Rac1 Rfc8 18. f3 exf3 19. Rxf3 Be8 20. Bh3 Bg6 21.
Re3 Be4 22. cxd5 Bxd5 23. Re5 c5 24. dxc5 b6 25. Qe3 bxc5 26. Rxd5 Re8 27. Re5
Qf6 28. Rxe6 Qd4 29. Qxd4 cxd4 30. Rxe8+ Rxe8 31. Rc8 Rxc8 32. Bxc8 Kf7 33. Kf2
Kf6 34. Kf3 Ke5 35. Bb7 h6 36. b4 g5 37. h4 gxh4 38. gxh4 h5 39. b5 d3 40. exd3
Kd6 41. d4 a6 42. bxa6 Kc7 43. d5 Kb8 44. a7+ Kxa7 45. Ke4 Kxb7 46. Ke5 Kc8 47.
Kd6 Kd8 48. Kc6 1-0

[Event "European Youth Chess Championship B14"]
[Site "Prague, Top Hotel Prague"]
[Date "2016.08.22"]
[Round "5.69"]
[White "Petrovic, Lazar"]
[Black "Manca, Luigi"]
[Result "1/2-1/2"]
[WhiteElo "1650"]
[BlackElo "1608"]
[PlyCount "87"]
[EventDate "2016.08.18"]

1. d4 Nf6 2. Nf3 d5 3. Bf4 Bg4 4. Nbd2 e6 5. h3 Bxf3 6. Nxf3 c5 7. e3 a6 8. c4
cxd4 9. Nxd4 Qa5+ 10. Ke2 dxc4 11. Bxb8 Rxb8 12. f3 Rd8 13. Qc2 Nh5 14. Kf2 e5
15. Ne2 Rd2 16. Qf5 Nf6 17. Qc8+ Rd8 18. Qxb7 Qb5 19. Qxb5+ axb5 20. Ke1 Nd5
21. e4 Nb4 22. Kf2 Rd2 23. Kg3 Rxb2 24. Nc3 Nc6 25. Rb1 Rxb1 26. Nxb1 Nd4 27.
a4 bxa4 28. Bxc4 f5 29. exf5 Nxf5+ 30. Kh2 Bd6 31. Bb5+ Kf7 32. Bxa4 e4+ 33. g3
Nxg3 34. Rd1 Ke7 35. Rxd6 Nf1+ 36. Kg1 Kxd6 37. Kxf1 exf3 38. Kf2 Rf8 39. Nd2
h5 40. Nxf3 g5 41. Kg3 g4 42. hxg4 Rxf3+ 43. Kxf3 hxg4+ 44. Kxg4 1/2-1/2

[Event "European Youth Chess Championship B14"]
[Site "Prague, Top Hotel Prague"]
[Date "2016.08.22"]
[Round "5.70"]
[White "Jamalov, Adam"]
[Black "Djian, Lenny"]
[Result "1/2-1/2"]
[WhiteElo "1597"]
[BlackElo "1503"]
[PlyCount "30"]
[EventDate "2016.08.18"]

1. d4 d5 2. Nf3 Nf6 3. Bf4 c6 4. c3 Bg4 5. Ne5 Bf5 6. e3 Nbd7 7. Be2 e6 8. Nd2
Nxe5 9. Bxe5 Be7 10. h3 h6 11. Bh2 Qb6 12. Qb3 Nd7 13. O-O Rc8 14. c4 O-O 15.
cxd5 cxd5 1/2-1/2

[Event "European Youth Chess Championship B14"]
[Site "Prague, Top Hotel Prague"]
[Date "2016.08.24"]
[Round "6.1"]
[White "Sargsyan, Shant"]
[Black "Zarubitski, Viachaslau"]
[Result "0-1"]
[WhiteElo "2441"]
[BlackElo "2300"]
[PlyCount "134"]
[EventDate "2016.08.18"]

1. d4 d5 2. c4 c6 3. Nc3 dxc4 4. e3 b5 5. a4 b4 6. Ne4 Qd5 7. Nd2 c3 8. bxc3
bxc3 9. Nb1 Qa5 10. Qc2 Na6 11. Qxc3 Nb4 12. Bd2 e6 13. Bc4 Nf6 14. Nf3 Be7 15.
O-O O-O 16. Ne5 c5 17. Qb3 Qc7 18. Rc1 cxd4 19. exd4 Qb6 20. Na3 a5 21. Nb5 Bb7
22. Bg5 Rad8 23. Qh3 Nfd5 24. Bd2 Bf6 25. Bf1 Bc8 26. Qg3 Bd7 27. Nc4 Qa6 28.
Ncd6 Bxb5 29. Nxb5 Qb6 30. Rc4 Rd7 31. Rac1 Rfd8 32. h4 Ne7 33. Bxb4 axb4 34.
Rxb4 Nf5 35. Qc3 Nxd4 36. Nxd4 Qa7 37. Bb5 Rxd4 38. Rxd4 Bxd4 39. Qf3 g6 40. g3
Rd5 41. Rc2 Rf5 42. Qg2 h5 43. Qf1 Kg7 44. Bc6 Qc7 45. Qg2 Qa5 46. Qe4 Qb6 47.
Kg2 Bxf2 48. a5 Qa7 49. a6 Bg1 50. Qe1 Bd4 51. Bb7 Re5 52. Qf1 Qb6 53. Kh2 Ra5
54. Re2 Ra3 55. Qf4 Ra5 56. Qf3 Qd6 57. Rg2 Be5 58. Rf2 f5 59. Rg2 Ra3 60. Qf2
f4 61. Qd2 fxg3+ 62. Kh3 Qf8 63. Qd7+ Kh6 64. Qd2+ Bf4 65. Qc2 Qf6 66. Re2 g2+
67. Kxg2 Qxh4 0-1

[Event "European Youth Chess Championship B14"]
[Site "Prague, Top Hotel Prague"]
[Date "2016.08.24"]
[Round "6.2"]
[White "Keinanen, Toivo"]
[Black "Engel, Luis"]
[Result "1/2-1/2"]
[WhiteElo "2337"]
[BlackElo "2383"]
[PlyCount "174"]
[EventDate "2016.08.18"]

1. c4 e5 2. Nc3 Nf6 3. Nf3 Nc6 4. g3 d5 5. cxd5 Nxd5 6. Bg2 Nde7 7. O-O g6 8.
a3 a5 9. d3 Bg7 10. Qa4 O-O 11. Qh4 Nf5 12. Qxd8 Rxd8 13. Nb5 Rd7 14. Bd2 a4
15. Rac1 Ra6 16. Bh3 Rb6 17. Nc3 Rxb2 18. Nxa4 Ra2 19. Nc5 Rd8 20. Kg2 Ncd4 21.
Bxf5 Nxf3 22. Bxc8 Nxd2 23. Bxb7 Nxf1 24. Kxf1 Bf8 25. Ne4 Rxa3 26. Rxc7 Ra7
27. Rc8 Rxc8 28. Bxc8 f5 29. Nd2 Kf7 30. Nc4 Kf6 31. Nb6 Ke7 32. Nc4 Bg7 33.
Kg2 Rc7 34. Ba6 Ke6 35. Bb5 Kd5 36. Ne3+ Kd4 37. Bc4 Rd7 38. Be6 Ra7 39. Bg8
Bh6 40. Nc4 Re7 41. Na5 Rg7 42. Be6 Kc3 43. Nc6 Rc7 44. Bd5 Bg7 45. Kf3 Kd2 46.
Na5 Ke1 47. Nc6 Kf1 48. h4 e4+ 49. dxe4 fxe4+ 50. Bxe4 Rf7+ 51. Ke3 Rxf2 52.
Bf3 Rh2 53. Kf4 Bh6+ 54. Ke5 Kf2 55. g4 Rxh4 56. Kf6 Bd2 57. Ne7 Kg3 58. Nd5
Rh2 59. Kg7 h5 60. g5 h4 61. Kxg6 h3 62. Nf6 Kh4 63. Ne4 Bf4 64. Kf5 Be3 65. g6
Rg2 66. Bxg2 hxg2 67. Ng5 Bxg5 68. g7 g1=Q 69. g8=Q Qg4+ 70. Kg6 Be3+ 71. Kf7
Qd7+ 72. Kg6 Qg4+ 73. Kf7 Qf5+ 74. Ke8 Qc8+ 75. Kf7 Qc4+ 76. Kg7 Bd4+ 77. Kf8
Qc5+ 78. Ke8 Qc6+ 79. Kf7 Qd5+ 80. Kf8 Qd6+ 81. Ke8 Qc6+ 82. Kf7 Qd7+ 83. Kg6
Qc6+ 84. Kf7 Qd5+ 85. Kf8 Bc5+ 86. Kg7 Qg5+ 87. Kf7 Qf5+ 1/2-1/2

[Event "European Youth Chess Championship B14"]
[Site "Prague, Top Hotel Prague"]
[Date "2016.08.24"]
[Round "6.3"]
[White "Esipenko, Andrey"]
[Black "Salemgareev, Tagir"]
[Result "1/2-1/2"]
[WhiteElo "2490"]
[BlackElo "2293"]
[PlyCount "89"]
[EventDate "2016.08.18"]

1. d4 d5 2. Nf3 Nf6 3. c4 c6 4. Nc3 dxc4 5. a4 Bf5 6. Ne5 Nbd7 7. Nxc4 Qc7 8.
g3 e5 9. dxe5 Nxe5 10. Bf4 Nfd7 11. Bg2 g5 12. Ne3 gxf4 13. Nxf5 O-O-O 14. Qc2
Nc5 15. O-O fxg3 16. hxg3 a5 17. Rad1 h5 18. Rxd8+ Qxd8 19. Rd1 Qf6 20. Ne4
Nxe4 21. Qxe4 Bb4 22. Bh3 Kb8 23. Qd4 Rg8 24. Kg2 Re8 25. e4 Qg6 26. b3 Ng4 27.
Qb6 Qe6 28. Rd8+ Rxd8 29. Qxd8+ Ka7 30. Qd4+ Kb8 31. f3 Ne5 32. f4 Ng4 33. Qd8+
Ka7 34. Qd4+ Kb8 35. Qd8+ Ka7 36. Qd3 Bc5 37. Kf3 Nf2 38. Qc2 Bb6 39. Bf1 Qg6
40. Ne3 Bxe3 41. Kxe3 Qxg3+ 42. Ke2 Ng4 43. Qc5+ Kb8 44. Qf8+ Kc7 45. Qe7+
1/2-1/2

[Event "European Youth Chess Championship B14"]
[Site "Prague, Top Hotel Prague"]
[Date "2016.08.24"]
[Round "6.4"]
[White "Sonis, Francesco"]
[Black "Gavrilescu, David"]
[Result "0-1"]
[WhiteElo "2427"]
[BlackElo "2285"]
[PlyCount "66"]
[EventDate "2016.08.18"]

1. Nf3 d5 2. c4 d4 3. g3 Nc6 4. Bg2 e5 5. d3 Bb4+ 6. Bd2 a5 7. O-O Nf6 8. a3
Bc5 9. Bg5 h6 10. Bxf6 Qxf6 11. Nbd2 Qg6 12. Qa4 O-O 13. b4 Bd6 14. c5 Be7 15.
b5 Na7 16. c6 Qe6 17. Nc4 bxc6 18. Nfxe5 Nxb5 19. Nxc6 Nc3 20. Qc2 Bf6 21.
N6xa5 Ra6 22. Rae1 Bd7 23. Qb2 Qf5 24. e4 dxe3 25. fxe3 Qxd3 26. Rxf6 Na4 27.
Qb7 Rxf6 28. Qxc7 Bb5 29. Bf1 Qc3 30. Rb1 Qc2 31. Ra1 Nb6 32. Qc5 Bxc4 33. Bxc4
Rc8 0-1

[Event "European Youth Chess Championship B14"]
[Site "Prague, Top Hotel Prague"]
[Date "2016.08.24"]
[Round "6.5"]
[White "Guerra Rivera, Salvador"]
[Black "Matviishen, Viktor"]
[Result "1/2-1/2"]
[WhiteElo "2285"]
[BlackElo "2405"]
[PlyCount "100"]
[EventDate "2016.08.18"]

1. e4 e5 2. Nf3 Nc6 3. Bb5 a6 4. Bxc6 dxc6 5. O-O Bg4 6. h3 h5 7. d3 Qf6 8.
Nbd2 Ne7 9. Re1 Ng6 10. d4 Bd6 11. hxg4 hxg4 12. Nh2 Rxh2 13. Qxg4 Qh4 14. Qxh4
Rxh4 15. Nf3 Rh5 16. dxe5 Nxe5 17. Nxe5 Bxe5 18. c3 O-O-O 19. Be3 Rdh8 20. g3
Rh2 21. Bd4 f6 22. Rad1 g5 23. Bxe5 fxe5 24. Kf1 g4 25. Ke2 Rf8 26. Rf1 b5 27.
b4 Kb7 28. Rd7 c5 29. bxc5 Rf3 30. Rd3 Rxd3 31. Kxd3 Kc6 32. Ke3 Rh6 33. Rd1
Rf6 34. Ke2 Rf3 35. Rd3 Rxd3 36. Kxd3 Kxc5 37. Ke3 a5 38. f3 gxf3 39. Kxf3 Kd6
40. Ke3 c5 41. Kd3 Ke6 42. Kc2 c4 43. a4 bxa4 44. Kb2 Kf6 45. Ka3 Kg5 46. Kxa4
Kg4 47. Kxa5 Kf3 48. Kb5 Kxe4 49. Kxc4 Kf3 50. g4 Kxg4 1/2-1/2

[Event "European Youth Chess Championship B14"]
[Site "Prague, Top Hotel Prague"]
[Date "2016.08.24"]
[Round "6.6"]
[White "Kozak, Adam"]
[Black "Teclaf, Pawel"]
[Result "1/2-1/2"]
[WhiteElo "2376"]
[BlackElo "2247"]
[PlyCount "96"]
[EventDate "2016.08.18"]

1. Nf3 Nf6 2. c4 c5 3. g3 b6 4. Bg2 Bb7 5. O-O e6 6. d4 cxd4 7. Qxd4 Be7 8. Nc3
d6 9. Rd1 a6 10. b3 Nbd7 11. Bb2 O-O 12. Rac1 Qc7 13. e4 Rfd8 14. h3 Rac8 15.
Nd2 Qb8 16. Qe3 Bf8 17. Nf3 b5 18. cxb5 axb5 19. b4 d5 20. exd5 Nxd5 21. Nxd5
Rxc1 22. Rxc1 Bxd5 23. a3 Qb7 24. Qg5 Re8 25. Qh5 g6 26. Qg4 e5 27. Ne1 Nb6 28.
Qe2 Nc4 29. Rd1 Bxg2 30. Nxg2 Bh6 31. Ne1 Qc8 32. h4 e4 33. Bc1 Bg7 34. Ng2 Qc6
35. Ne3 Ne5 36. Bb2 Nd3 37. Bxg7 Kxg7 38. Qa2 Rc8 39. Qa1+ Qc3 40. Qa2 Qe5 41.
Ng4 Qd4 42. Ne3 Ra8 43. Qd2 Qf6 44. Nd5 Qe5 45. Qc3 Qxc3 46. Nxc3 Rxa3 47. Nxe4
Nxb4 48. Rb1 Nd5 1/2-1/2

[Event "European Youth Chess Championship B14"]
[Site "Prague, Top Hotel Prague"]
[Date "2016.08.24"]
[Round "6.7"]
[White "Baenziger, Fabian"]
[Black "Vrolijk, Liam"]
[Result "0-1"]
[WhiteElo "2325"]
[BlackElo "2221"]
[PlyCount "90"]
[EventDate "2016.08.18"]

1. d4 Nf6 2. c4 e6 3. Nc3 Bb4 4. Qc2 O-O 5. Nf3 d5 6. cxd5 exd5 7. Bf4 c5 8. e3
cxd4 9. Nxd4 Nc6 10. Be2 Nxd4 11. exd4 Qb6 12. Be3 Bg4 13. Bd3 Rac8 14. O-O Bh5
15. Bf5 Bg6 16. Rfc1 Bxc3 17. bxc3 Bxf5 18. Qxf5 Qe6 19. Qxe6 fxe6 20. Rab1 Rf7
21. f3 Rc4 22. Bf4 b6 23. Rb4 Rf8 24. Bd2 Rfc8 25. Kf2 Ne8 26. Ke2 Nd6 27. Kd3
Kf7 28. Bf4 Nf5 29. Bd2 Rxb4 30. cxb4 Rxc1 31. Bxc1 Nh4 32. Ke2 Nxg2 33. a4 h6
34. Kf2 Nh4 35. Bf4 a6 36. b5 axb5 37. axb5 Nf5 38. Be5 Ke7 39. Ke2 g6 40. Kd3
Nd6 41. Bxd6+ Kxd6 42. f4 Ke7 43. Ke3 Kf6 44. Kf3 Kf5 45. h4 h5 0-1

[Event "European Youth Chess Championship B14"]
[Site "Prague, Top Hotel Prague"]
[Date "2016.08.24"]
[Round "6.8"]
[White "Shubin, Kirill"]
[Black "Suvorov, Alexander"]
[Result "1-0"]
[WhiteElo "2298"]
[BlackElo "2059"]
[PlyCount "91"]
[EventDate "2016.08.18"]

1. e4 c6 2. Nc3 d5 3. Nf3 Nf6 4. e5 Ne4 5. Ne2 Qb6 6. d4 e6 7. c3 c5 8. dxc5
Bxc5 9. Nfd4 f6 10. exf6 Nxf6 11. b4 Bd6 12. Be3 Ng4 13. Nf4 Bxf4 14. Bb5+ Bd7
15. Bxd7+ Nxd7 16. Qxg4 Bxe3 17. fxe3 O-O 18. Qxe6+ Qxe6 19. Nxe6 Rf6 20. Nc7
Raf8 21. Nxd5 Rf2 22. Nf4 Rc2 23. O-O Nf6 24. Rfc1 Rd2 25. Rd1 Rfd8 26. Rxd2
Rxd2 27. c4 Ne4 28. h4 Nd6 29. c5 Nf5 30. Rc1 a6 31. a4 Rb2 32. c6 bxc6 33.
Rxc6 Rxb4 34. Rxa6 Nxe3 35. g3 Nc4 36. Ra8+ Kf7 37. Ra7+ Kg8 38. Ne6 g6 39. a5
Ra4 40. a6 Ne5 41. Rg7+ Kh8 42. Rc7 Kg8 43. a7 h6 44. Rg7+ Kh8 45. Rb7 Kg8 46.
Nc7 1-0

[Event "European Youth Chess Championship B14"]
[Site "Prague, Top Hotel Prague"]
[Date "2016.08.24"]
[Round "6.9"]
[White "Petriashvili, Nikoloz"]
[Black "Pultorak, Jan"]
[Result "0-1"]
[WhiteElo "2198"]
[BlackElo "2296"]
[PlyCount "62"]
[EventDate "2016.08.18"]

1. d4 Nf6 2. Nf3 g6 3. g3 Bg7 4. Bg2 d5 5. O-O O-O 6. c4 dxc4 7. Na3 c3 8. bxc3
c5 9. Nc4 Nc6 10. Nfe5 cxd4 11. Nxc6 bxc6 12. Ne5 Qc7 13. cxd4 Nd5 14. Qc2 Be6
15. Bf4 Nxf4 16. gxf4 Bxe5 17. fxe5 Rac8 18. Qc5 Qd7 19. Qc3 Rfd8 20. Rfd1 Qb7
21. e3 Bg4 22. Rdc1 Qd7 23. Bxc6 Qf5 24. e4 Qh5 25. e6 Bf3 26. exf7+ Kf8 27.
Kf1 Rxc6 28. Qxc6 Qxh2 29. Ke1 Qg1+ 30. Kd2 Qxf2+ 31. Kc3 Qxd4+ 0-1